|
|
|
|
| LEADER |
02794nam a2200673 a 4500 |
| 001 |
nkc20102125098 |
| 003 |
CZ PrNK |
| 005 |
20110512095537.0 |
| 007 |
ta |
| 008 |
100908s2010 xr acghe 000 0bcze |
| 015 |
|
|
|a cnb002125098
|
| 020 |
|
|
|a 978-80-7326-179-5
|q (váz.)
|
| 035 |
|
|
|a (OCoLC)681497278
|
| 040 |
|
|
|a BOA001
|b cze
|d ABA001
|
| 043 |
|
|
|a e-xr---
|b e-xr-jm
|2 czenas
|
| 045 |
|
|
|a x4x9
|
| 072 |
|
7 |
|a 78.07
|x Hudebníci, skladatelé a jiná hudební povolání
|2 Konspekt
|9 9
|
| 072 |
|
7 |
|a 929
|x Biografie
|2 Konspekt
|9 8
|
| 080 |
|
|
|a 929
|2 MRF
|
| 080 |
|
|
|a 78.071.1/.2
|2 MRF
|
| 080 |
|
|
|a 78.031.4
|2 MRF
|
| 080 |
|
|
|a 7.071:398
|2 MRF
|
| 080 |
|
|
|a 785.16.071
|2 MRF
|
| 080 |
|
|
|a (437.32-12)
|2 MRF
|
| 080 |
|
|
|a (437.322)
|2 MRF
|
| 080 |
|
|
|a (092)
|2 MRF
|
| 080 |
|
|
|a (0:82-94)
|2 MRF
|
| 245 |
0 |
0 |
|a "Nebudem dobrý, nebudem--" :
|b Jarek Miškeřík /
|c [k vydání připravil Vít Trachtulec a Václava Šaléová]
|
| 246 |
3 |
0 |
|a Jarek Miškeřík
|
| 250 |
|
|
|a Vyd. 1.
|
| 260 |
|
|
|a Velká nad Veličkou ;
|a Boskovice :
|b Albert,
|c 2010
|
| 300 |
|
|
|a 204 s. :
|b il. (některé barev.), portréty, noty, faksim. ;
|c 20 x 22 cm +
|e 1 CD + stopáž písní (1 l.) + geneal. tabulka (4 l. ; 19 x 60 cm)
|
| 600 |
1 |
7 |
|a Miškeřík, Jarek,
|d 1946-1993
|7 ola200206332
|2 czenas
|
| 648 |
|
7 |
|a 20. století
|7 ch460558
|2 czenas
|
| 650 |
0 |
7 |
|a hudebníci
|7 ph117204
|z Česko
|y 20. století
|2 czenas
|
| 650 |
0 |
7 |
|a lidová hudba
|7 ph122303
|z Česko
|2 czenas
|
| 650 |
0 |
7 |
|a folklorní soubory
|7 ph120278
|z Česko
|y 20. století
|2 czenas
|
| 650 |
0 |
7 |
|a cimbálová muzika
|7 ph260642
|z Česko
|y 20. století
|2 czenas
|
| 650 |
0 |
9 |
|a musicians
|z Czechia
|y 20th century
|2 eczenas
|
| 650 |
0 |
9 |
|a folk music
|z Czechia
|2 eczenas
|
| 650 |
0 |
9 |
|a folklore ensembles
|z Czechia
|y 20th century
|2 eczenas
|
| 650 |
0 |
9 |
|a dulcimer band
|z Czechia
|y 20th century
|2 eczenas
|
| 651 |
|
7 |
|a Horňácko (Česko)
|7 ge258259
|2 czenas
|
| 651 |
|
7 |
|a Velká nad Veličkou (Česko)
|7 ge137408
|2 czenas
|
| 651 |
|
9 |
|a Horňácko (Czechia)
|2 eczenas
|
| 651 |
|
9 |
|a Velká nad Veličkou (Czechia)
|2 eczenas
|
| 655 |
|
7 |
|a biografie
|7 fd131909
|2 czenas
|
| 655 |
|
7 |
|a vzpomínky
|7 fd133830
|2 czenas
|
| 655 |
|
9 |
|a biography
|2 eczenas
|
| 655 |
|
9 |
|a reminiscences
|2 eczenas
|
| 700 |
1 |
|
|a Trachtulec, Vít,
|d 1958-
|7 mzk2010597111
|4 edt
|
| 700 |
1 |
|
|a Šaléová, Václava,
|d 1952-
|7 pna2009495453
|4 edt
|
| 856 |
4 |
1 |
|u http://www.digitalniknihovna.cz/mzk/uuid/uuid:7d4264d0-8623-11e7-b92d-005056827e51
|y Digitalizovaný dokument
|x NDK
|
| 910 |
2 |
|
|a BOA001
|b 2-1249.032
|
| 990 |
|
|
|a BK
|
| 995 |
|
|
|a 01
|
| 991 |
|
|
|b 201009
|c NOV
|j 78 NEB
|e n
|
| 996 |
6 |
|
|b 2610447502
|c 2-1249.032
|l MZK
|r Sklad / do 1 hodiny
|n 0
|p p.v.
|w 001142668
|u 000010
|a 1
|e BOA001
|j MZK50
|s P
|
| 996 |
7 |
|
|b 2610447503
|c 2-1249.032
|l MZK
|r Sklad / do 1 hodiny
|n 2
|p p.v.
|w 001142668
|u 000020
|a 1
|e BOA001
|j MZK50
|s A
|